| 000 | 05386nab a2200349 i 4500 | ||
|---|---|---|---|
| 003 | BR-BrBNA | ||
| 005 | 20230822150919.0 | ||
| 008 | 230530b2020 bl.ar|pooa||| 00| 0 por | | ||
| 040 |
_aBR-BrBNA _bpor |
||
| 072 |
_aF08 _b2110 |
||
| 072 | _aF30 | ||
| 072 | _aE16 | ||
| 100 | _aAlmeida, Caio Márcio Vasconcellos Cordeiro de | ||
| 100 | _aCorrêa, Fernando Luíz de Oliveira | ||
| 100 | _aLima, Antônio de Almeida | ||
| 100 | _aVirgulino, Amarildo Pinheiro | ||
| 100 | _aXavier, Ivan Pires | ||
| 245 | _aSistema agroflorestal com cacaueiros e essências florestais: desempenho agronômico, clonagem e análise econômica | ||
| 500 | _aPublicação on-line; 24 ref.; 2 tables; 2 illus.; Summaries (En, Pt) | ||
| 520 | _a Trata-se de estudo de caso para avaliar sistema agroflorestal (SAF) com variedades híbridas de cacaueiros e essências florestais convertido em SAF com variedades clonais, abordando os aspectos agronômicos da implantação e do manejo, a conversão da plantação híbrida em plantação clonal, além da rentabilidade do cultivo. O estudo foi realizado no Sítio Rio Branco, em Ouro Preto do Oeste, Rondônia, em 2,24 hectares de cacaueiros, implantados em 2003. Com os baixos níveis de produtividade obtidos até 2011, inferiores a 400,0 kg ha-1 de amêndoas secas de cacau, foi revelada a necessidade de se fazer uso de fertilização química, por se tratar de solos com baixo teor de fósforo e mediano de potássio. As fertilizações realizadas nos anos seguintes elevaram a produtividade das variedades híbridas para patamar superior a 1.300,0 kg ha-1, em 2014 e 2015. Em paralelo, entre 2012 e 2014, e em 2018, o produtor substituiu, gradativamente, as variedades híbridas pelos clones CCN 51, PH 16, SJ 02, PS 1319, CCN 10 e BN 34, utilizando a enxertia por garfagem de topo em fenda cheia. Em 2018, acrescentou às tecnologias em uso, a irrigação por micro aspersão, quando obteve os maiores níveis de produtividade, atingindo o patamar de 2.057,1 kg ha, em 2019. A análise econômica do período de 2005 a 2019 revelou Taxa Interna de Retorno - TIR de 26%, o que demonstra a viabilidade econômica do sistema de produção. A Renda Bruta Descontada – RDB e o Valor Presente Líquido – VPL tiveram melhor desempenho no ano de 2019, com valores líquidos de: R$ 47.594,83 e R$ 15.732,91, respectivamente, coincidente com a maior produtividade obtida. A adoção correta das práticas de manejo agronômico resultou em maior performance produtiva tanto para as variedades híbridas como para as variedades clonais. Palavras-chave: intercultivo, produtividade, variedades híbridas, variedades clonais, Theobroma cacao L. | ||
| 520 | _aAgroforestry system with cocoa trees and forest essences: agronomic performance, cloning and economic analysis. This is a case study to evaluate the agroforestry system (SAF) with hybrid varieties of cocoa trees and forest essences converted into SAF with clonal varieties, addressing the agronomic aspects of implantation and management, the conversion of the hybrid plantation to clonal plantation, in addition to cultivation profitability. The study was carried out at Sítio Rio Branco, in Ouro Preto do Oeste, Rondônia, on 2.24 hectares of cocoa trees, implanted in 2003. With the low levels of productivity obtained until 2011, below 400.0 kg ha-1 of almonds cocoa droughts, the need to use chemical fertilization was revealed, as they are soils with low phosphorus and medium potassium. The fertilizations carried out in the following years raised the productivity of hybrid varieties to a level higher than 1,300.0 kg ha-1, in 2014 and 2015. In parallel, between 2012 and 2014, and in 2018, the producer gradually replaced hybrid varieties by clones CCN 51, PH 16, SJ 02, PS 1319, CCN 10 and BN 34, using grafting top forks in full slits. In 2018, it added micro sprinkler irrigation to the technologies in use, when it achieved the highest levels of productivity, reaching the level of 2,057.1 kg ha in 2019. The economic analysis for the period from 2005 to 2019 revealed an Internal Rate of Return - 26% IRR, which demonstrates the economic viability of the production system. Gross Discounted Income - RDB and Net Present Value - NPV performed better in 2019, with net values of: R $ 47,594.83 and R $ 15,732.91, respectively, coinciding with the higher productivity obtained. The correct adoption of agronomic management practices resulted in greater productive performance for both hybrid and clonal varieties. Key words: intercultural, productivity, hybrid varieties, clonal varieties, Theobroma cacao L | ||
| 650 | _aPRODUTIVIDADE | ||
| 650 | _aVARIEDADE | ||
| 650 | _aHÍBRIDO | ||
| 650 | _aCLONE | ||
| 650 | _aTHEOBROMA CACAO | ||
| 773 | 0 |
_01823 _96918 _dItabuna-BA Comissão Executiva do Plano de Lavoura Cacaueira 1989 _o2023-124816 _tAgrotrópica (Brazil) _x0103-3816 _gv. 32(3) p. 177-188; (Sep-Dec 2020) _wBR2023000598 |
|
| 856 | _uhttps://www.gov.br/agricultura/pt-br/assuntos/ceplac/publicacoes/revista-agrotropica/artigos/2020-DOI-10.21757/0103-3816-2020v32n3p177-188.pdf | ||
| 856 | _uhttps://www.gov.br/agricultura/pt-br/assuntos/ceplac/publicacoes/revista-agrotropica/revista-volumes/2000-a-2010/revista-agrotropica-vol-32-no-3-2020.pdf | ||
| 942 | _cAnalítica | ||
| 999 |
_c9253 _d9253 |
||